Venga : from ordinary to extraordinary
| Main Author: | |
|---|---|
| Format: | Book |
| Published: |
Kuala Lumpur :
Ventrax Management ,
2004
|
| Subjects: |
MARC
| LEADER | 00000cam a2200000 7i4500 | ||
|---|---|---|---|
| 001 | 0000003615 | ||
| 005 | 20070927.0 | ||
| 020 | 0 | 0 | |a 9834204701 |
| 090 | 0 | 0 | |a 158.1 |b ABI |
| 100 | 1 | 0 | |a Abisheganaden, Peter |
| 245 | 0 | 0 | |a Venga : |b from ordinary to extraordinary |c by Peter Abisheganaden |
| 260 | 0 | 0 | |a Kuala Lumpur : |b Ventrax Management , |c 2004 |
| 300 | |a 201p. : |b ill. ; |c 22cm. | ||
| 500 | 0 | 0 | |a Bibliography |
| 650 | 0 | 0 | |a Motivation (Psychology) |
| 650 | 0 | 0 | |a Self-actualization (Psychology) |
| 999 | |a 0000006860 |b Monograph |c Open Shelf |e Default branch | ||